Long Island Iced Tea Quiz Stats

 Plays Quiz Updated Jul 5, 2016

Score 0/7 Timer 01:00
1 Play Today
Amount Ingredient % Correct
1 PartVodka
95%
1 PartRum
87.8%
1 PartGin
76%
1 1/2 PartsSweet and Sour Mix
70.8%
1 SplashCoca-Cola®
65.9%
1 PartTequila
60.8%
1 PartTriple Sec
38.7%

You're not logged in!

Compare scores with friends on all Sporcle quizzes.
OR
Log In

Sporcle TV

Today on Sporcle TV


Watch our educational content, quiz creation guides, and fun videos on Sporcle TV.

Show Comments

Extras

Top Quizzes Today


Score Distribution

Your Account Isn't Verified!

In order to create a playlist on Sporcle, you need to verify the email address you used during registration. Go to your Sporcle Settings to finish the process.

Report this User

Report this user for behavior that violates our Community Guidelines.

Details: